000 00429nam a2200181Ia 4500
001 13714
005 20260306164821.0
008 260306t2007||||xx |||||||||||||| ||spa||
041 _aESP
082 _a005.133C2
_bB84
100 _aBronson, Gary J.
_eAUT
245 0 _aC++ para ingenierĂ­a y ciencias
260 _c2007
300 _a826 páginas :
_c24 cm.
650 _aGEN
654 _aCCC
942 _cLIB
_dJUS
_fJUS
_2ddc
_n
999 _c13714
_d13714